| 000 | 00378nam a22001457a 4500 | ||
|---|---|---|---|
| 999 |
_c12306 _d12306 |
||
| 008 | 210127b ||||| |||| 00| 0 eng d | ||
| 082 | 0 | 0 |
_a621.381958 _bK993 |
| 100 |
_94476 _aKyle, Jim |
||
| 245 | 1 | 0 |
_aServicing digital devices _cBy Jim Kyle |
| 260 |
_aSlough _bFoulsham _c1968 |
||
| 300 | _a144 p. | ||
| 365 | _d23.40 | ||
| 650 | 0 | _aElectronic Digital Computers | |
| 942 | _cBK | ||